Kouvola-visa - Statistics

Yleistilastot
  • Tätä visaa on pelattu 181 kertaa
  • Keskiarvotulos 11 / 14
Vastaustilastot
Vihje Vastaus % Oikein
Maakunta, jossa kaupunki sijaitsee Kymenlaakso
95%
Kaupungissa sijaitseva huvipuisto Tykkimäki
94%
Naapurikaupunki ja maakunnan toinen maakuntakeskus Kotka
93%
Kouvola sijaitsee tämän joen varrella Kymijoki
93%
Puhutuin vieras kieli kaupungissa Venäjä
91%
Kaupungin ankeasta maineesta johtuva lempinimi {Kouvosto}liitto
89%
Nimeä yksi viidestä entisestä kunnasta, jotka liitettiin Kouvolan kanssa kaupungiksi vuonna 2009 Anjalankoski | Elimäki |
Jaala | Kuusankoski | Valkeala
85%
SM-liigassa pelaava jääkiekkojoukkue KooKoo
80%
Erikoistehtävä, johon koulutetaan varusmiehiä Utin jääkärirykmentissä {Laskuvarjo}jääkäri
78%
Toinen Kouvolassa sijaitsevista varuskunnista, Karjalan prikaatin toimipaikka Vekaranjärvi
72%
Yliopisto, jolla on Kouvolassa yksikkö LUT-yliopisto
65%
Kansallispuisto pohjois-Kouvolassa Repovesi
64%
Muun muassa Mestarien liigan voittanut Kouvolassa asunut jalkapalloilija Sami Hyypiä
64%
Kylä, jossa sijaitseva entinen tehdas on maailmanperintökohde Verla
58%
Ehtoja vastaavia visoja ei löytynyt
Tulosjakauma
Jokaisen tuloksen saaneiden osuus
Persentiili vastausten määrän mukaan
Tuloshistoriasi
Et ole pelannut tätä visaa